Ekonomické mýty, stereotypy a gatekeeping v médiách
Opis mechanizmu manipulácie s informáciami o ekonomických procesoch. Ide o mýty týkajúce sa ekonomickej krízy, trhu nehnuteľností, eura, zlata, ekonomických cyklov. Mýty sa zakladajú na téze pozostávajúcej z dvoch komponentov. Prvý komponent je pravdivý. Druhý pozostáva zo zmanipulovanej informácie.
Salvato in:
| Autore principale: | |
|---|---|
| Natura: | Capitolo di libro |
| Lingua: | slovacco |
| Soggetti: | |
| Tags: |
Nessun Tag, puoi essere il primo ad aggiungerne!!
|
MARC
| LEADER | 00000nla a2200000 4500 | ||
|---|---|---|---|
| 001 | 0185912 | ||
| 005 | 20260326122932.3 | ||
| 041 | 0 | |a slo | |
| 044 | |a SK | ||
| 245 | 1 | 0 | |a Ekonomické mýty, stereotypy a gatekeeping v médiách |c Vladimír Bačišin |
| 520 | |a Opis mechanizmu manipulácie s informáciami o ekonomických procesoch. Ide o mýty týkajúce sa ekonomickej krízy, trhu nehnuteľností, eura, zlata, ekonomických cyklov. Mýty sa zakladajú na téze pozostávajúcej z dvoch komponentov. Prvý komponent je pravdivý. Druhý pozostáva zo zmanipulovanej informácie. | ||
| 610 | 2 | 0 | |a ekonómia |
| 610 | 2 | 0 | |a médiá |
| 610 | 2 | 0 | |a kategórie ekonomické |
| 610 | 2 | 0 | |a informácie ekonomické |
| 610 | 2 | 0 | |a stereotypy |
| 100 | 1 | |a Bačišin, Vladimír | |